Atlas of immuno-allergology (Record no. 4492)
[ view plain ]
| 000 -LEADER | |
|---|---|
| fixed length control field | 00969cam a2200301 a 4500 |
| 001 - CONTROL NUMBER | |
| control field | 1614539 |
| 003 - CONTROL NUMBER IDENTIFIER | |
| control field | OSt |
| 005 - DATE AND TIME OF LATEST TRANSACTION | |
| control field | 20231018083517.0 |
| 008 - FIXED-LENGTH DATA ELEMENTS--GENERAL INFORMATION | |
| fixed length control field | 950222s1995 waua 001 0 eng c |
| 010 ## - LIBRARY OF CONGRESS CONTROL NUMBER | |
| LC control number | 95009994 |
| 020 ## - INTERNATIONAL STANDARD BOOK NUMBER | |
| International Standard Book Number | 0889371423 |
| 040 ## - CATALOGING SOURCE | |
| Original cataloging agency | DNLM/DLC |
| Transcribing agency | DLC |
| Modifying agency | DLC |
| 041 1# - LANGUAGE CODE | |
| Language code of text/sound track or separate title | eng |
| Language code of original | fre |
| 050 00 - LIBRARY OF CONGRESS CALL NUMBER | |
| Classification number | QR188 |
| Item number | .C4613 1995 |
| 082 00 - DEWEY DECIMAL CLASSIFICATION NUMBER | |
| Classification number | QW 504 C333a 1995 |
| 100 1# - MAIN ENTRY--PERSONAL NAME | |
| Personal name | Centner, Jacques; Weck, Alain L. de; Weck, de Christine |
| 9 (RLIN) | 9646 |
| 240 10 - UNIFORM TITLE | |
| Uniform title | Atlas d'immuno-allergologie: |
| Language of a work | English |
| 245 10 - TITLE STATEMENT | |
| Title | Atlas of immuno-allergology |
| 250 ## - EDITION STATEMENT | |
| Edition statement | 3rd ed. |
| 260 ## - PUBLICATION, DISTRIBUTION, ETC. (IMPRINT) | |
| Place of publication, distribution, etc. | Seattle : |
| Name of publisher, distributor, etc. | Hogrefe & Huber, |
| Date of publication, distribution, etc. | 1995. |
| 300 ## - PHYSICAL DESCRIPTION | |
| Extent | vi, 186 p. : |
| Other physical details | col. ill. ; |
| Dimensions | 31 cm. |
| 500 ## - GENERAL NOTE | |
| General note | Includes index. |
| 650 #0 - SUBJECT ADDED ENTRY--TOPICAL TERM | |
| Topical term or geographic name as entry element | Immunology atlas |
| 9 (RLIN) | 9647 |
| 650 #0 - SUBJECT ADDED ENTRY--TOPICAL TERM | |
| Topical term or geographic name as entry element | Pathophysiology. |
| 9 (RLIN) | 9648 |
| 906 ## - LOCAL DATA ELEMENT F, LDF (RLIN) | |
| a | 7 |
| b | cbc |
| c | orignew |
| d | 1 |
| e | ocip |
| f | 19 |
| g | y-gencatlg |
| 942 ## - ADDED ENTRY ELEMENTS (KOHA) | |
| Source of classification or shelving scheme | Other/Generic Classification Scheme |
| Koha item type | Open Shelf |
| Withdrawn status | Lost status | Source of classification or shelving scheme | Damaged status | Not for loan | Home library | Current library | Date acquired | Source of acquisition | Inventory number | Total Checkouts | Full call number | Barcode | Date last seen | Koha item type |
|---|---|---|---|---|---|---|---|---|---|---|---|---|---|---|
| Other/Generic Classification Scheme | MUST Main Library | MUST Main Library | 27/06/2016 | Purchase | 11/34583 | QW 504 C333a 1995 | 2016-2749 | 27/06/2016 | Open Shelf |
